Guess the Balkan song by text Part 4 - Statistics

General Stats
  • This quiz has been taken 37 times
  • The average score is 9 of 30
Answer Stats
Text Song % Correct
I tad sam vidô je na ulici, pitô je "Šta tražiš?"Pitala me da li možda imam neki hašiš Rasta - Limun
87%
Svi koji ste sumnjali, ma hvala vam Bez vas, ne bi bio tu gdje sada sam Huh, mi budale spaljene My boys drivin' Rolls Royce Cullinan Hiljson Mandela x Biba - Ankaran
77%
Na meni samo pliš, viski, pa mohito Ljubila bi se po kiši sa mnom malo krišom A samo budi tiša, ne sviđa se nikom Corona - Pop ikona
53%
Stalno me cimaju kučkeI điramo prangije uvek najradije Plivam u parama, tsa mi Cartier Kurva se kurči, pa uzmem da mlatim je Jebi ga, mala je žickala batine Krtina - Tpe za ske
53%
A tvoje usne boje trule višnjeUbila si me, ne mogu više Neka gledaju svi, ti mi priđi bliže I ljubomornim napravi svog bivšeg Buba Corelli - Usta na usta
50%
Treba ti ljubav ili zabava?Sve probleme rešićemo parama (Ške, škе) Nisam sam, uvek okružen sam glavama Ne moram da sе zamaram s budalama Devito - Mame mi
43%
Trčim, pravim, lova mora da se zaradiKrše, lome, ovi moji gadne naravi Tu su gavrani, sve zbog naradi U krugu deset ljudi čeka da se navarim Biba - Muhamed
40%
A nije, nije, nije ona pijanaSamo noćas kida kako izgleda Na njoj je sve od svile, jako rizična A samo htela je da bude ničija Voyage - Euforija
40%
Ja želim sve, a ljubav je nešto što umire Zato spremi čašu i led i novi LED Da svetli mi u lice dok sam votkom umiven i ubijen Drugačije sada je sve Ti mrziš me, ja želim te makar na tren Relja Torinno - Gde padaju zvezde
37%
On već odavno nije moj I uzalud se nadam I još mu pamtim broj Al' ga ne zovem, puštam bolu da me slama Buba Corelli & Jala x Sedž Matoruga - Led
33%
Smaraš svakog dana da si kući samaNe znam, liče, da l' si pijana il' drogirana Rutina tebe radi baš, opet teretana Mene seks, belo, pare, kola i kafana Desingerica x Pljugica - Ficcni
33%
O-o-o-okej, kad te vidim srce kuca sto na sat Mila majko, kako sam ga volela Mene malu progutô je veliki grad Zera - Nad****a
33%
Ona mnogo divlja, igra kao balerina S tobom ne moram da pričam, bebe Tol'ko chill sam, mnogo dima, mnogo vina Klinac - Pravila
30%
Volela bi' da sam ostala da sedim tuKad krenem, da podmetneš nogu Ma, i da me obara po sedmi put Moje dno je na tronu Elena - Geto princeza
27%
Previše si puta budna dočekala zoruU moru problema osjetila svaku moju moru Za svaku tvoju boru bi' se prekaznio sam I za svaki put kad si čekala jer kasnio sam Jala Brat - Film
27%
Moj brat uvek seče to po kiloTakav bio i kad nije imô (Woo) Moj brat sad je nivo Sad ne zovi, ako s nama nisi bio tu Kad nije bilo lako Nucci - Yugozapad
27%
Nađi me na Champs-ÉlyséesuDanas nosimo na ruci što sam gled'o na TV-u Trep bebo, u džepu keš je bebo Iznad mene samo nebo, iza gang je bebo Sajfer - Maybach
27%
U omami sunca, mi malo smo pili Na dlanu sam dala noć U oči te gledam, ne pitam, izvini Daj mi sve ponovo Senidah - Replay
27%
Svijetli kô lampa u mraku Krovova preko idemo parkour Stavi šta ima sve u jednu baklju Pišemo verse kô Tupac Shakur Cunami Flo - Tarzan
23%
I kada me je snimila kako igramU očima mi videla da je bitna I što sam starija, sve manje mi se sviđaš Anastasija Spasevska - Tvoja nina
20%
Ti si sladak, al' stalno žuriš
Pile moje, pazi da ne poludiš
Oči su mi svuda, nemoj da se gubiš
Pazi šećeru, nemoj da poludim
Breskvica - Bad boy
20%
Više ne hvatam kao na iglama, sranje u loptu, orah u korpuI dalje pričam u šiframa, punim i jednu i drugu fioku Niste u toku, suze u oku, penite kući bez dinara Il' sam u priči, il' sam na fonu, al' uvеk o nekim ciframa Seksi x LeFlow - Zbog kokaina
20%
Gužva, buka, panik, po koga li su došli?
Još uvijek nismo saznali gdje se nalaze prošli
Nisu ništa pitali, već samo sila sirova
Bez muda i časti, al' prepuni su činova
Stigle su kravate, šegrti i kornjače
Frenkie x Kontra & Indigo - 4 zida
13%
Kuje, sise, poker stol, XXXX živi rock 'n' roll
Kunen ti se domet moj bit će velik problem tvoj
Bro s Lenjinom pijen Dom Perignon
Kuja riže mеdaljon dok sise meljan joj
Grse - Gangland
13%
Ustanem u pola dana Malo fitnes, malo teretana Prvi sumrak, noć lagana I odmah izlazim iz stana Od vufera izbasirana (Gas, gas) Čekam te izgasirana Do kluba staza trasirana Hurricane x Teodora - Kontroverzne
10%
Ona kô Madona, kô Madona, kô Madona
Driblam je kô Mesi, znači viva Barselona
Njena gola slika pozadina telefona Imam novi fazon, a stari ću da vam prodam (Aha)
Petrov - Taxi
10%
Noćima se zeza, nikad treznaMira ne da mi ni minut Gori kad je besna, divlja, lepa Drugi ne smeju da priđu Relja - Fatalna
10%
Volim ovo stanje, hvatam ubrzanje Zmajevi u glavi, nula pokajanje Dečko, prsle su mi oči, dečko Podiže me sve to što mi radiš sad Edita - Zivotinje
3%
Beograd nikad ne spavaI za to malo krivi mi smo Jer ko će drugi, nego ja (Šta, šta, šta?) Da pusti glas kad ne treba Mahrina - Klik klik
3%
Koračam mirno, psujem sve živo
Sa horizonta sunce nestaje Nije mi bitno, sad brojim sitno Nabrajam ti sočne uvrede
Bilo je ovo gore i od horora
Ostaješ posle mene roba polovna
Sanja Vucic - Olosi
0%
No matching quizzes found
Score Distribution
Percent of People with Each Score
Percentile by Number Answered
Your Score History
You have not taken this quiz